| 000 | 00504pam a2200193 a 4500 | ||
|---|---|---|---|
| 020 |
_a0721601472 _c1250.00 |
||
| 041 |
_aeng _hNULL |
||
| 082 |
_a616 _bAND/CAR |
||
| 100 | _aANDREOLI, T . | ||
| 245 |
_aCECIL ESSENTIALS OF MEDICINE / _cNULL. _hTextual Documents |
||
| 260 |
_aNULL : _bELSEVIER , _c2004. |
||
| 300 |
_a1184 : _bXXV ; _cA4 . |
||
| 365 | _a1250.00 | ||
| 700 | _aCARPEUTER, C . | ||
| 907 |
_a0974 _a0975 _a2081 |
||
| 930 | _a190 | ||
| 999 |
_c794726 _d794726 |
||
| 650 | _aGEN.MEDICINE | ||